000 00682nam a2200253Ia 4500
003 OSt
005 20221007065640.0
006 a|||||r|||| 00| 0
007 ta
008 221006b |||||||| |||| 00| 0 eng d
020 _cRs. 150/-
024 _a9,528
037 _cTextual
040 _aFLL
_cFLL
_beng
041 _2eng
_aeng
082 _aZ2,853, P3
100 _aSirohi J.P.S.
_9565108
245 0 _aLegal ethics, accountancy for lawyers bench-bar relations
250 _a2nd
260 _aFaridabad
_bAllahabad Law Agency India
_c2003
300 _axiii,462p
_ccm.
942 _hZ2,853, P3
_cTEXL
_2CC
999 _c1137922
_d1137922